Cultural intelligence: surviving and thriving in the Global Village

Gardado en:
Detalles Bibliográficos
Main Authors: Thomas, David C (Author), Inkson, Kerr (Author)
Formato: Libro
Idioma:inglés
Publicado: Oakland Berrett-Koehler Publishers 2017
Edición:3a. ed
Subjects:
Tags: Engadir etiqueta
Sen Etiquetas, Sexa o primeiro en etiquetar este rexistro!

MARC

LEADER 00000cam a2200000 a 4500
001 UCC3589
003 CL-VaPUC
008 180527e20170000us |||||||||||||||||eng|d
020 |a 9781626568655 
082 0 4 |a 306  |b THO  |2 21 
100 0 |a Thomas, David C  |e author  |9 597639 
700 0 |a Inkson, Kerr  |e author  |9 597640 
245 1 0 |a Cultural intelligence: surviving and thriving in the Global Village 
250 |a 3a. ed 
300 |a 198 p 
942 |c BK 
945 |d 20180527 18:33:00  |a arojas 
260 |a Oakland  |b Berrett-Koehler Publishers  |c 2017 
650 0 |a Antropología cultural   |9 269905 
650 0 |a Antropología filosófica  |9 265842 
650 0 |a Cambios sociales   |9 373014 
650 0 |a Globalización  |9 361930 
650 0 |a Interacción social   |9 307764 
583 |a last modification  |c 20180527 18:33:00  |k Rodrigo Vera 
999 |c 371283  |d 371281 
952 |0 0  |1 0  |3 erb  |4 0  |6 306_000000000000000_THO_2017  |7 0  |8 A  |9 488234  |a BIBING  |b BIBING  |i 5471982  |o 306 THO 2017  |p 5471982  |r 2025-01-20  |w 2019-11-24  |y BK  |z Catalogado en:20180527  |k CCI 
952 |0 0  |1 0  |3 erb  |4 0  |6 306_000000000000000_THO_2017  |7 0  |8 A  |9 488235  |a BIBING  |b BIBING  |i 5471990  |o 306 THO 2017  |p 5471990  |r 2025-01-20  |w 2019-11-24  |y BK  |z Catalogado en:20180527  |k CCI